ՀՀ Գիտությունների ազգային ակադեմիայի հիմնարար գիտական գրադարան  =   Fundamental Scientific Library of NAS RA

Գիւղական ուսուցչի ձայնը = (Record no. 541747)

MARC details
000 -LEADER
fixed length control field 02573nam a2200265 a 4500
003 - CONTROL NUMBER IDENTIFIER
control field AM-YEHGA
005 - DATE AND TIME OF LATEST TRANSACTION
control field 20260320105621.0
008 - FIXED-LENGTH DATA ELEMENTS--GENERAL INFORMATION
fixed length control field 260320s1907 gs |||||r|||| 00||0 arm|d
040 ## - CATALOGING SOURCE
Original cataloging agency AM-YEHGA
041 1# - LANGUAGE CODE
Language code of text/sound track or separate title arm
Language code of original geo
100 1# - MAIN ENTRY--PERSONAL NAME
Personal name Կապանաձէ
245 10 - TITLE STATEMENT
Title Գիւղական ուսուցչի ձայնը =
Remainder of title "Голосъ сельскаго учителя" /
Statement of responsibility, etc. Կապանաձէ ; Թարգմանիչ՝ Մ. Տ. Շւոտ.
246 15 - VARYING FORM OF TITLE
Title proper/short title "Голосъ сельскаго учителя"
260 ## - PUBLICATION, DISTRIBUTION, ETC.
Place of publication, distribution, etc. Թիֆլիս :
Name of publisher, distributor, etc. Ելեքտրաշարժ տպարան օր. Ն. Աղանեանի,
Date of publication, distribution, etc. 1907.
300 ## - PHYSICAL DESCRIPTION
Extent (9 գիրք մեկ կազմի մեջ) ; Է, V, 51 էջ
500 ## - GENERAL NOTE
General note Շարվածքը՝ 16X10 սմ:
500 ## - GENERAL NOTE
General note Տիտղոսաթերթին՝ զարդանկար և օտարալեզու գրություն:
500 ## - GENERAL NOTE
General note Ալիգ 3
501 ## - WITH NOTE
With note Մեկ կազմի մեջ՝ Գեղեցիկ ասացուածք / Գէորք ծ. վրդ. Արսլանեան։ Կ. Պոլիս: Տպարան «Կոհակ»ի: 1913։ - Ալիգ 1 ; Ազատութիւն քաղաքական և տնտեսական : Ատենախօսություն / Հմայեակ Արամեանց (Շւոտ Մ.Տ.)։ Կ. Պոլիս: Տպագրութիւն Վ. եւ Հ. Տէր-Ներսէսեան։ 1908։ - Ալիգ 2 ; Կայծկլտուք : (Քերթուածներ) / Յովհաննէս Մ.Խ. Գմբէթեան։ Կ. Պոլիս: Տպագրութիւն Արշակ Կ. Կարօեան։ 1910։ - Ալիգ 4 ; Անուրջներ : Պատմվածք / Օ. Շրէյներ։ Թաւրիզ: Տպարան Ատրպատականի հայերի թէմական արագատիպ։ 1904։ - Ալիգ 5 ; Սուրբ Մեսրոպ / Ատոմ Եարճանեան-Սիամանթօ։ Կ. Պոլիս: տպ. Օ. Արզուման։ 1914։ - Ալիգ 6 ; Երկրագործութեան անտառաց եւ հանքաց : Զարգացումն ու շահագործումն / Ն. Տաղաւարեան։ Կ. Պոլիս: Տպարան Օ. Արզուման։ 1909։ - Ալիգ 7 ; Պատմութիւն Հնչակեան կուսակցութեան ։ Ա․ հատոր / Հմայակ Արամեանց։ Կ. Պոլիս: Տպարան «Կոհակ»ի։ 1912։ - Ալիգ 8 ; Ապստամբ Յիսուսը / Կարլ Կաուցկի։ Կ. Պոլիս: Տպարան «Կոհակ»ի։ 1913։ - Ալիգ 9
650 14 - SUBJECT ADDED ENTRY--TOPICAL TERM
Topical term or geographic name entry element Մանկավարժություն
651 #4 - SUBJECT ADDED ENTRY--GEOGRAPHIC NAME
Geographic name Թբիլիսի
9 (RLIN) 6558
651 #4 - SUBJECT ADDED ENTRY--GEOGRAPHIC NAME
Geographic name Վրաստան
9 (RLIN) 6630
700 1# - ADDED ENTRY--PERSONAL NAME
Personal name Արամյան, Հմայակ Հայրապետի,
Dates associated with a name 1878-1919
Relator term թարգմ.
Relationship trl
9 (RLIN) 770
942 ## - ADDED ENTRY ELEMENTS (KOHA)
Source of classification or shelving scheme Universal Decimal Classification
Koha item type Գրքեր / Books
Suppress in OPAC No
Holdings
Withdrawn status Lost status Source of classification or shelving scheme Damaged status Not for loan Collection Home library Current library Date acquired Serial enumeration / chronology Inventory number Total checkouts Full call number Barcode Date last seen Price effective from Koha item type Public note
    Universal Decimal Classification     Postanjyan Individual Collection Fundamental Scientific Library Fundamental Scientific Library 20/03/2026 Ալիգ 3 Պոսթ/129   Պոսթ/127 FL0704547 20/03/2026 20/03/2026 Գրքեր / Books ILL Non-Circ.


ՀՀ ԳԱԱ հիմնարար գիտական գրադարան
ՀՀ,Երևան 0019
Մարշալ Բաղրամյան 24/6
հեռախոս:(374-10) 52-47-50
Հետադարձ կապ

All site content, except where otherwise noted, is licensed under a
Creative Commons License